Państwa z dawnego ZSRR - Nagła Śmierć - Statystyki

Ogólne statystyki
  • Ten quiz został rozwiązany 99 razy
  • Średni wynik to 12 z 15
Answers on the Grid
Answers color-coded by a green-red scale on the quiz's grid according to % correct below.
Austria
Rosja
Japonia
Uzbekistan
Ukraina
Mołdawia
Bułgaria
Rumunia
Turkmenistan
Tadżykistan
Mongolia
Chiny
Gruzja
Azerbejdżan
Finlandia
Norwegia
Armenia
Węgry
Litwa
Łotwa
Szwecja
Polska
Estonia
Czechy
Kirgistan
Kazachstan
Słowacja
Słowenia
Korea północna
Białoruś
 
Statystyki odpowiedzi
Odpowiedź % Poprawnych
Rosja
96%
Ukraina
90%
Uzbekistan
86%
Turkmenistan
84%
Mołdawia
81%
Azerbejdżan
80%
Białoruś
80%
Litwa
80%
Tadżykistan
80%
Estonia
79%
Kazachstan
79%
Łotwa
79%
Gruzja
77%
Kirgistan
77%
Armenia
71%
Nie znaleziono quizów pasujących do podanych kryteriów
Rozkład punktacji
Procent ludzi z każdym wynikiem
Percentyl według liczby udzielonych odpowiedzi
Twoja historia wyników
Nie rozwiązałeś tego quizu